[Event "10. ArberSchach Festival Open 2023"]
[Site "Bodenmais"]
[Date "2023.08.13"]
[Round "9.29"]
[White "Botvinnik, Alexey"]
[Black "Büchel, Alexander"]
[Result "1/2-1/2"]
[WhiteElo "1806"]
[BlackElo "1614"]
[PlyCount "38"]
[EventDate "2023.??.??"]
[WhiteTeam "Brühler SK"]
[BlackTeam "SF München"]

{[%evp 0,38,25,14,22,-10,26,11,23,23,13,4,46,11,79,84,88,38,44,66,49,29,17,16,6,28,13,-3,0,-39,12,-56,-49,-59,-59,-51,-51,-51,-50,-50,-30]} 1. Nf3 Nf6 2. g3 g6 3. Bg2 Bg7 4. d4 O-O 5. O-O d6 6. c4 e5 7. dxe5 dxe5 8. Qxd8 Rxd8 9. Nxe5 Re8 10. f4 c6 11. e4 Nbd7 12. Nxd7 Nxd7 13. Nd2 Nc5 14. Rb1 Nd3 15. Nb3 Bg4 16. Bf3 Bxf3 17. Rxf3 Nxc1 18. Rxc1 Rxe4 19. Rc2 Rae8 1/2-1/2

[Event "10. ArberSchach Festival Open 2023"]
[Site "Bodenmais"]
[Date "2023.08.13"]
[Round "9.30"]
[White "Trinkl, Andreas"]
[Black "Eißmann, Olaf"]
[Result "1/2-1/2"]
[WhiteElo "1635"]
[BlackElo "1715"]
[PlyCount "53"]
[EventDate "2023.??.??"]
[WhiteTeam "SC Bayerwald"]
[BlackTeam "Stuttgarter SF"]

{[%evp 0,53,25,25,88,14,88,54,66,51,61,51,38,51,41,43,44,44,69,92,67,79,135,98,117,89,96,72,92,38,77,18,20,20,23,5,0,-30,0,-32,-26,-36,-42,-34,-4,-12,2,-4,-9,-2,-1,0,0,6,16,8]} 1. e4 g6 2. Bc4 Bg7 3. Nc3 e5 4. d3 Nc6 5. Nge2 d6 6. O-O Na5 7. Bb3 Bd7 8. f4 exf4 9. Bxf4 Nxb3 10. axb3 Be6 11. Qd2 Nf6 12. Bg5 h6 13. Be3 a6 14. Rae1 Ng4 15. Nd4 Nxe3 16. Qxe3 Bd7 17. Nf3 O-O 18. Ne2 Kh7 19. Qc1 f5 20. exf5 Bxf5 21. Ng3 Qd7 22. Nxf5 Rxf5 23. d4 Raf8 24. c3 c5 25. dxc5 dxc5 26. Qd1 Qxd1 27. Rxd1 1/2-1/2

[Event "10. ArberSchach Festival Open 2023"]
[Site "Bodenmais"]
[Date "2023.08.12"]
[Round "8.3"]
[White "Sandner, Gunter"]
[Black "Herbold, Manfred"]
[Result "1/2-1/2"]
[WhiteElo "2238"]
[BlackElo "2113"]
[PlyCount "20"]
[EventDate "2023.??.??"]
[WhiteTeam "SK König Plauen"]
[BlackTeam "TSG Eisenberg Schach"]

1. Nf3 Nc6 2. d4 d5 3. c4 Bg4 4. cxd5 Bxf3 5. gxf3 Qxd5 6. e3 e5 7. Nc3 Bb4 8.
Bd2 Bxc3 9. bxc3 Qd6 10. Be2 Nge7 1/2-1/2

[Event "10. ArberSchach Festival Open 2023"]
[Site "Bodenmais"]
[Date "2023.08.12"]
[Round "8.7"]
[White "Zenker, Ulrich"]
[Black "Pommrich, Rainer"]
[Result "1-0"]
[WhiteElo "2156"]
[BlackElo "1937"]
[PlyCount "53"]
[EventDate "2023.??.??"]
[WhiteTeam "SU Ebersberg-Grafing"]
[BlackTeam "USV Halle"]

1. Nf3 Nf6 2. c4 e6 3. d4 b6 4. Nc3 Bb7 5. Bg5 Be7 6. Qc2 d5 7. e3 O-O 8. cxd5
Nxd5 9. Bxe7 Qxe7 10. e4 Nxc3 11. bxc3 Nd7 12. Bd3 c5 13. O-O Rfc8 14. Qd2 Rc7
15. d5 exd5 16. exd5 Bxd5 17. Bxh7+ Kxh7 18. Qxd5 Re8 19. Rae1 Qf8 20. Rxe8
Qxe8 21. Qd6 Rb7 22. Re1 Qb8 23. Ng5+ Kg8 24. Nxf7 Kxf7 25. Re7+ Kg8 26. Qe6+
Kh8 27. Qf7 1-0

[Event "10. ArberSchach Festival Open 2023"]
[Site "Bodenmais"]
[Date "2023.08.12"]
[Round "8.8"]
[White "Migl, Dieter"]
[Black "Müller-Imm, Joachim"]
[Result "1-0"]
[WhiteElo "2092"]
[BlackElo "1844"]
[PlyCount "63"]
[EventDate "2023.??.??"]
[WhiteTeam "Stuttgarter SF"]
[BlackTeam "SC Waldbronn"]

1. e4 c5 2. Nf3 Nc6 3. Bb5 d6 4. O-O Bd7 5. Re1 e6 6. c3 a6 7. Bf1 Nf6 8. d4
cxd4 9. cxd4 d5 10. exd5 Nxd5 11. Nc3 Nxc3 12. bxc3 Be7 13. c4 O-O 14. d5 exd5
15. cxd5 Na5 16. Qd2 Bf6 17. Bb2 Bxb2 18. Qxb2 b5 19. Qb4 Nb7 20. Rad1 a5 21.
Qf4 Rc8 22. Bd3 h6 23. Ne5 Nc5 24. Bb1 b4 25. h4 Nb7 26. Nc6 Qc7 27. Ne7+ Kh8
28. Qe4 f5 29. Qd4 Ba4 30. Ng6+ Kh7 31. Re7 Qxe7 32. Nxe7 1-0

[Event "10. ArberSchach Festival Open 2023"]
[Site "Bodenmais"]
[Date "2023.08.12"]
[Round "8.11"]
[White "Rieling, Thomas"]
[Black "Wild, Helmut"]
[Result "1-0"]
[WhiteElo "2085"]
[BlackElo "1895"]
[PlyCount "59"]
[EventDate "2023.??.??"]
[WhiteTeam "SC Diogenes"]
[BlackTeam "SK Gau-Algesheim"]

1. e4 c6 2. d4 d5 3. exd5 cxd5 4. Bd3 Nf6 5. c3 Bg4 6. Qa4+ Nc6 7. Bf4 a6 8.
Nd2 b5 9. Qc2 Rc8 10. Qb1 e6 11. Ngf3 h6 12. Ne5 Nxe5 13. dxe5 g5 14. Be3 Nd7
15. h3 Bh5 16. g4 Bg6 17. Bxg6 fxg6 18. Qxg6+ Ke7 19. f4 Qe8 20. Qd3 gxf4 21.
Bxf4 Bg7 22. Qe3 Qg6 23. Nf3 Nc5 24. O-O Qe4 25. Rae1 Kd7 26. Nd2 Qd3 27. Nb3
Bf8 28. Kh2 Qc4 29. Bg3 Rh7 30. Rxf8 1-0

[Event "10. ArberSchach Festival Open 2023"]
[Site "Bodenmais"]
[Date "2023.08.12"]
[Round "8.12"]
[White "Hein, Ralf"]
[Black "Kirschner, Torsten"]
[Result "1-0"]
[WhiteElo "2020"]
[BlackElo "1842"]
[PlyCount "48"]
[EventDate "2023.??.??"]
[WhiteTeam "SC Diogenes"]
[BlackTeam "ESV Gera"]

1. c4 Nf6 2. Nc3 g6 3. e4 d6 4. g3 Bg7 5. Bg2 O-O 6. Nge2 a5 7. O-O Na6 8. d4
c5 9. d5 Bd7 10. h3 Nc7 11. a4 e6 12. Be3 exd5 13. exd5 h6 14. Qd2 Kh7 15. Bf4
Bc8 16. g4 Re8 17. Rae1 b6 18. Bh2 Ba6 19. b3 Qd7 20. Ng3 Rxe1 21. Rxe1 Re8 22.
Nge4 Nxg4 23. hxg4 Qxg4 24. Bxd6 Qd7 1-0

[Event "10. ArberSchach Festival Open 2023"]
[Site "Bodenmais"]
[Date "2023.08.12"]
[Round "8.14"]
[White "Reuter, Roland"]
[Black "Hamlack, Heinz"]
[Result "0-1"]
[WhiteElo "1847"]
[BlackElo "2002"]
[PlyCount "64"]
[EventDate "2023.??.??"]
[WhiteTeam "SK Schwabach"]
[BlackTeam "SK Bad Neustadt"]

1. e4 c6 2. d4 d5 3. exd5 cxd5 4. Nf3 Nf6 5. Bd3 Bg4 6. h3 Bh5 7. Bf4 Nc6 8. c3
e6 9. Nbd2 Bd6 10. Bxd6 Qxd6 11. Qb3 Bg6 12. Bxg6 hxg6 13. O-O-O Rb8 14. Rde1
Nd7 15. Re3 b5 16. Rhe1 b4 17. c4 Na5 18. Qc2 dxc4 19. Ng5 O-O 20. Rxe6 Qf4 21.
Re7 c3 22. Rxd7 Qxg5 23. bxc3 Rfc8 24. Re5 Qh6 25. Kd1 bxc3 26. Rxa5 Rb2 27.
Rd8+ Rxd8 28. Qxc3 Rb7 29. Qc5 Qf4 30. d5 Rbd7 31. g3 Qe5 32. f4 Qa1+ 0-1

[Event "10. ArberSchach Festival Open 2023"]
[Site "Bodenmais"]
[Date "2023.08.12"]
[Round "8.15"]
[White "Mayr, Guenter"]
[Black "Greul, Hans"]
[Result "1-0"]
[WhiteElo "1845"]
[BlackElo "1997"]
[PlyCount "47"]
[EventDate "2023.??.??"]
[WhiteTeam "RW Klettham"]
[BlackTeam "SK Schwabach"]

1. e4 e6 2. d4 d5 3. Nd2 Nf6 4. e5 Nfd7 5. Ngf3 c5 6. c3 Nc6 7. Bd3 f6 8. O-O
fxe5 9. Nxe5 Qf6 10. Nxc6 bxc6 11. Nf3 Bd6 12. Re1 O-O 13. Bxh7+ Kxh7 14. Rxe6
Qxe6 15. Ng5+ Kg8 16. Nxe6 Re8 17. Qg4 Re7 18. Bg5 Nf8 19. Bxe7 Bxe6 20. Qg5
Nh7 21. Qh4 g5 22. Bxg5 cxd4 23. cxd4 Bb4 24. Qg3 1-0

[Event "10. ArberSchach Festival Open 2023"]
[Site "Bodenmais"]
[Date "2023.08.12"]
[Round "8.17"]
[White "Braun, Hans"]
[Black "Godoj, Veit"]
[Result "1/2-1/2"]
[WhiteElo "1761"]
[BlackElo "1966"]
[PlyCount "94"]
[EventDate "2023.??.??"]
[WhiteTeam "SG Ludwigsburg"]
[BlackTeam "SK König Tegel"]

1. d4 d5 2. Nf3 c6 3. e3 e6 4. Bd3 f5 5. c4 Bd6 6. Nc3 Nf6 7. Bd2 O-O 8. Rc1
Ne4 9. Qc2 Nd7 10. Ne2 Kh8 11. Bc3 Qe7 12. a3 Nxc3 13. Nxc3 Qf6 14. Qe2 Qg6 15.
g3 Qh6 16. h4 Nf6 17. Ng5 Bd7 18. f4 Rae8 19. c5 Bc7 20. b4 Ne4 21. Bxe4 fxe4
22. Kd2 Qf6 23. Rcf1 b6 24. Kc2 a5 25. Na4 axb4 26. axb4 Ra8 27. Ra1 b5 28. Nc3
h6 29. Rxa8 Rxa8 30. Nh3 Be8 31. Kb2 Bg6 32. Ra1 Rxa1 33. Kxa1 Bf5 34. Nf2 Bg6
35. Qa2 Qd8 36. Qa6 Be8 37. Qb7 Qb8 38. Qxb8 Bxb8 39. Kb2 Bc7 40. Kc2 Bd8 41.
Ng4 Kh7 42. Kd2 Kg6 43. Ne5+ Kh5 44. Ke2 Bf6 45. Kf2 g5 46. hxg5 hxg5 47. Ne2
g4 1/2-1/2

[Event "10. ArberSchach Festival Open 2023"]
[Site "Bodenmais"]
[Date "2023.08.12"]
[Round "8.27"]
[White "Birken, Michael"]
[Black "Klimpel, Siegfried"]
[Result "1-0"]
[WhiteElo "1945"]
[BlackElo "1718"]
[PlyCount "37"]
[EventDate "2023.??.??"]
[WhiteTeam "SK Gerolzhofen"]
[BlackTeam "TSV Kareth-Lappersdorf"]

1. e4 c5 2. Nf3 e6 3. d4 cxd4 4. Nxd4 Nf6 5. Nc3 Nc6 6. Nxc6 bxc6 7. Bd3 Be7 8.
O-O O-O 9. e5 Ne8 10. Qh5 g6 11. Qh6 Ng7 12. f4 Rb8 13. Rf3 f5 14. exf6 Rxf6
15. Rh3 Qb6+ 16. Kh1 Ba6 17. Qxh7+ Kf7 18. Ne4 Bxd3 19. Ng5+ 1-0

[Event "10. ArberSchach Festival Open 2023"]
[Site "Bodenmais"]
[Date "2023.08.12"]
[Round "8.28"]
[White "Hildenstein, Bernt"]
[Black "Geigle, Bruno"]
[Result "0-1"]
[WhiteElo "1776"]
[BlackElo "1933"]
[PlyCount "82"]
[EventDate "2023.??.??"]
[WhiteTeam "SC Grunbach"]
[BlackTeam "SK Lauffen"]

1. e4 c5 2. Nf3 d6 3. d4 cxd4 4. Nxd4 Nf6 5. Nc3 g6 6. Bc4 Bg7 7. Be3 O-O 8.
Qd2 Ng4 9. Rd1 Nxe3 10. Qxe3 Nc6 11. Nxc6 bxc6 12. O-O Qb6 13. Rd3 Qc7 14. Rfd1
Bb7 15. b3 Rfd8 16. R3d2 Qa5 17. Na4 Rf8 18. Rd3 Rad8 19. Qf3 Ba8 20. R3d2 Qc7
21. Rd3 Qb8 22. Qe3 Bb7 23. Nc3 e6 24. Ne2 d5 25. exd5 exd5 26. Qg5 h6 27. Qh4
Rde8 28. Ng3 dxc4 29. Qxc4 Rd8 30. Rxd8 Rxd8 31. Re1 Qd6 32. h3 Qd5 33. Qxd5
cxd5 34. Re7 Rb8 35. a4 d4 36. a5 a6 37. Ne2 Bc6 38. Rc7 Bb5 39. Nc1 Re8 40.
Nd3 Bxd3 41. cxd3 Re1+ 0-1